000
00340nam a2200145Ia 4500
008
150201s2013 xx 000 0 und d
082
_a
615
_b
P13U
100
_a
UDAYKUMAR, PADMAJA
245
_a
PHARMACOLOGY FOR NURSES
250
_a
3RD
260
_b
JAYPEE
_a
DELHI
_c
2013
300
_a
441
650
_a
PHARMACOLOGY
942
_2
ddc
_c
BK
_0
86
999
_c
2378
_d
2378